Normal view
MARC view
- Humphries, John
Entry Personal Name
001 - CONTROL NUMBER
- control field: 8356
003 - CONTROL NUMBER IDENTIFIER
- control field: OSt
005 - DATE AND TIME OF LATEST TRANSACTION
- control field: 20170526115201.0
008 - FIXED-LENGTH DATA ELEMENTS
- fixed length control field: 170526|| aca||aabn | a|a d
040 ## - CATALOGING SOURCE
- Original cataloging agency: OSt
- Transcribing agency: OSt
100 ## - HEADING--PERSONAL NAME
- Personal name: Humphries, John
670 ## - SOURCE DATA FOUND
- Source citation: Work cat.: (OSt)0: Humphries, John, Managing through people :, c1997

PORTAL AKMAL
E-MEL JKDM
AKMAL2U
G-BAM
u-PUSTAKA